Del Garraf blanc al Garraf negre : quadern de treball / [text i il·lustracions: Josep Lascurain i Golferichs] quadern de treball / [text i il·lustracions:
Descripción Física:
42 p. : il. map. ; 28 cm
Otros Autores:
Museu de Gavà
MARC
| LEADER | 00000nam a2200000Ia 4500 | ||
|---|---|---|---|
| 001 | 17639 | ||
| 008 | 160829s1989 xx 000 0 cat d | ||
| 080 | |a FU-41-10 | ||
| 100 | 1 | |a Lascuraín i Golferichs, Josep |9 28989 | |
| 245 | |a Del Garraf blanc al Garraf negre : |b quadern de treball / [text i il·lustracions: |b Josep Lascurain i Golferichs] | ||
| 260 | |a Gavà : |b Museu de Gavà, Diputació de Barcelona. Servei de Parcs Naturals, |c 1989 | ||
| 300 | |a 42 p. : |b il. map. ; |c 28 cm | ||
| 650 | |a Natura, Estudi de la |x Garraf |9 39163 | ||
| 650 | |a Ecologia |x Garraf |9 39164 | ||
| 700 | |a Museu de Gavà |9 34708 | ||
| 710 | |a Barcelona (Catalunya : Província). |b Servei de Parcs Naturals |9 53492 | ||
| 901 | |a Arxiu | ||
| 942 | |n 1 | ||
| 952 | |0 0 |1 0 |4 0 |6 FU4110 |7 1 |9 48841 |a Arxiu |b Arxiu |d 2016-12-01 |l 0 |o FU-41-10 |p 17639 |r 2016-12-01 00:00:00 |w 2016-12-01 |y ARXIU | ||
| 999 | |c 52676 |d 52676 | ||